| Tag |
First Indicator |
Second Indicator |
Subfields |
| LEADER |
00000cam a2200000Ii 4500 |
| 001 |
in00003606513 |
| 005 |
20160129150206.0 |
| 008 |
160115s2014 bo 000 f spa d |
| 035 |
|
|
|a (OCoLC)ocn936214432
|
| 040 |
|
|
|a TXA
|b eng
|e rda
|c TXA
|
| 020 |
|
|
|a 9781419622861
|
| 020 |
|
|
|a 1419622862
|
| 035 |
|
|
|a (OCoLC)936214432
|
| 043 |
|
|
|a s-bo---
|
| 050 |
|
4 |
|a PQ7820.V27
|b A6 2005
|
| 049 |
|
|
|a TXAM
|
| 100 |
1 |
|
|a Von Vacano, Arturo,
|d 1938-
|e author.
|
| 240 |
1 |
0 |
|a Novels.
|k Selections
|
| 245 |
1 |
0 |
|a Dos novellas :
|b Sombra de exilio ; Morder el silencio /
|c Arturo von Vacano.
|
| 264 |
|
1 |
|a [La Paz, Bolivia] :
|b Imagen,
|c 2005.
|
| 264 |
|
3 |
|a [North Charleston, South Carolina?] :
|b BookSurge, LLC
|
| 300 |
|
|
|a 317 pages ;
|c 21 cm
|
| 336 |
|
|
|a text
|b txt
|2 rdacontent
|
| 337 |
|
|
|a unmediated
|b n
|2 rdamedia
|
| 338 |
|
|
|a volume
|b nc
|2 rdacarrier
|
| 500 |
|
|
|a Title from cover.
|
| 500 |
|
|
|a Sombra de exilio first published by Difusión in 1970. Morder el silencio first published by Imagen in 1980.
|
| 650 |
|
0 |
|a Journalists
|z Bolivia
|v Fiction.
|
| 651 |
|
0 |
|a Bolivia
|x Social conditions
|y 1952-1982
|v Fiction.
|
| 700 |
1 |
2 |
|i Container of (work):
|a Von Vacano, Arturo,
|d 1938-
|t Morder el silencio.
|
| 700 |
1 |
2 |
|i Container of (work):
|a Von Vacano, Arturo,
|d 1938-
|t Sombra de exilio.
|
| 740 |
0 |
2 |
|a Morder el silencio.
|
| 740 |
0 |
2 |
|a Sombra de exilio.
|
| 948 |
|
|
|a cataloged
|b h
|c 2016/1/29
|d o
|e tchubaryan
|f 3:01:51 pm
|
| 994 |
|
|
|a C0
|b TXA
|
| 999 |
f |
f |
|s 3550d5c9-55d5-322f-af62-e3aeb40bf55d
|i 9dca7902-74e9-3a3d-adeb-811d526c9905
|t 0
|
| 952 |
f |
f |
|p normal
|a Texas A&M University
|b College Station
|c Sterling C. Evans Library
|d Evans: Library Stacks
|t 0
|e PQ7820.V27 A6 2005
|h Library of Congress classification
|i unmediated -- volume
|m A14843219438
|
| 998 |
f |
f |
|a PQ7820.V27 A6 2005
|t 0
|l Evans: Library Stacks
|